Changó, el gran putas (Registro nro. 15859)

000 -CABECERA
campo de control de longitud fija 02228nam a22002417a 4500
003 - IDENTIFICADOR DEL NÚMERO DE CONTROL
campo de control OSt
005 - FECHA Y HORA DE LA ÚLTIMA TRANSACCIÓN
campo de control 20250314153710.0
008 - DATOS DE LONGITUD FIJA--INFORMACIÓN GENERAL
campo de control de longitud fija 250314b ||||| |||| 00| 0 spa d
020 ## - NÚMERO INTERNACIONAL ESTÁNDAR DEL LIBRO
Número Internacional Estándar del Libro 9786287638198
040 ## - FUENTE DE LA CATALOGACIÓN
Centro/agencia transcriptor CO-Mq BPB
041 ## - CÓDIGO DE LENGUA
Código de lengua del texto/banda sonora o título independiente spa
082 ## - NÚMERO DE LA CLASIFICACIÓN DECIMAL DEWEY
Número de clasificación AN
Número de documento/Ítem ZAPc
100 ## - ENTRADA PRINCIPAL--NOMBRE DE PERSONA
Nombre de persona Zapata Olivella, Manuel
Fechas asociadas al nombre 1920-2004
Término indicativo de función/relación autor
245 ## - MENCIÓN DE TÍTULO
Título Changó, el gran putas
250 ## - MENCIÓN DE EDICIÓN
Mención de edición Edición conmemorativa 40°. aniversario
264 ## - PRODUCCIÓN, PUBLICACIÓN, DISTRIBUCIÓN, FABRICACIÓN Y COPYRIGHT
Producción, publicación, distribución, fabricación y copyright Bogotá;
Nombre del de productor, editor, distribuidor, fabricante Penguin Random House,
Fecha de producción, publicación, distribución, fabricación o copyright 2023
300 ## - DESCRIPCIÓN FÍSICA
Extensión 528 páginas;
Otras características físicas Tapa rustica
Dimensiones 23 cm
521 ## - NOTA DE PÚBLICO DESTINATARIO
Nota de público destinatario Desde su publicación original en 1983, Changó, el gran putas se ha convertido en un hito y se ha ganado el favor de la crí tica y de miles de lectores, generación tras generación. Fue ganadora del Premio Interamericano de Literatura "Francisco Matarazzo Sobrinho" en São Paulo, y ha sido traducida al inglés y al francés. Hoy, cuarenta años después, esta novela icónica cobra nueva vida y reafirma el aporte indiscutible de su autor a la literatura universal.<br/>Un gran clásico colombiano sobre la presencia africana en América, imprescindible para entender los orígenes de nuestra diversidad<br/><br/>"Changó son cinco novelas en una, cinco historias, cinco micro/macro historias épicas escritas desde una agenda descolonial […]. Aunque en el pasado se ha escrito una literatura variada sobre la cuestión afro, la originalidad de Zapata Olivella es que solo él ha narrado la hazaña de los miles de millones de africanos que salieron forzosamente de su continente en diáspora por el mundo […].<br/><br/>"En Changó está escrito y condensado todo cuanto la civilización africana quiso decirle a la europea, a la "loba blanca": toda una sabiduría filosófica de reinos, de ciudades gloriosas, de médicos tradicionales que hablaban con las plantas, de etnias que siempre reconocieron un orden superior en todo lo creado, de héroes legendarios, de creadores de tradiciones orales y de lenguajes colectivos, de ciudadanos que nunca se doblegaron ante la maldición de Changó, y se reivindicaron con él, porque siempre lucharon por la libertad".
650 ## - PUNTO DE ACCESO ADICIONAL DE MATERIA--TÉRMINO DE MATERIA
Término de materia o nombre geográfico como elemento de entrada Literatura colombiana
650 ## - PUNTO DE ACCESO ADICIONAL DE MATERIA--TÉRMINO DE MATERIA
Término de materia o nombre geográfico como elemento de entrada Novela adulto
650 ## - PUNTO DE ACCESO ADICIONAL DE MATERIA--TÉRMINO DE MATERIA
Término de materia o nombre geográfico como elemento de entrada Presencia africana en América
942 ## - ELEMENTOS DE PUNTO DE ACCESO ADICIONAL (KOHA)
Fuente del sistema de clasificación o colocación
Tipo de ítem Koha Libro Literatura
Existencias
Estado de retiro Estado de pérdida Fuente del sistema de clasificación o colocación Estado dañado No para préstamo Código de colección Localización permanente Ubicación/localización actual Ubicación en estantería Fecha de adquisición Fuente de adquisición Número de inventario Total de préstamos Signatura topográfica completa Código de barras Fecha visto por última vez Número de copia Precio válido a partir de Tipo de ítem Koha Nota pública
          Literatura Adulto Biblioteca Pública San Juan Bosco Biblioteca Pública San Juan Bosco Literatura 14/03/2025 Compra 2024 NT   AN ZAPc MOS504204 14/03/2025 Ej.1 14/03/2025 Libro Literatura Quince dias
          Literatura Adulto Biblioteca Pública San Juan Bosco Biblioteca Pública San Juan Bosco Literatura 14/03/2025 Compra 2024 NT   AN ZAPc MOS504205 14/03/2025 Ej.2 14/03/2025 Libro Literatura Quince dias

© Todos los derechos reservados para la Biblioteca Pública Municipal San Juan Bosco, 2020
Secretaria de Cultura de Mosquera
Carrera 3 N° 10 Esquina Centro Cultural Barrio El Carmén Teléfono: 8270830 Ext: 34
Funcionando con KOHA
Contacto: Biblioteca Pública Municipal San Juan Bosco/ bibliotecasanjuanbosco@mosquera-cundinamarca.gov.co
Mosquera, Cundinamarca